000 00257nam a2200109Ia 4500
008 220204s9999 xx 000 0 und d
082 _a657.6
_bWAL
100 _aWalley, B H
245 0 _aEffective auditing
260 _aLondon
_bMacmillan
_c1974
942 _cBK
999 _c31782
_d31782